000 05590nam a22004817a 4500
005 20091211110139.0
008 091211t xxu||||| |||| 00| j hin d
020 _a9788123751962
_c40.00
035 _aB-375271-290
037 _bतरूण बुक्स/VEN
040 _aDPL
_bHN
082 _a
100 _aबधेका, गिजुभाई
_917419
245 _aबेदम बेदुमा /
_cगिजुभाई बधेका; आबिद सुरती द्वारा अनुदित
260 _aनई दिल्ली
_bनेशनल बुक ट्रस्ट
_c2009
270 _aनेहरू भवन, 5 इंस्टीट्यूशनल एरिया, फेज-11, वसंत कुंज
_bनई दिल्ली
_e110070
300 _a40पृ
_c24सेमी (अजिल्द)
490 _aनेहरू बाल पुस्तकालय
_917420
490 _aगिजुभाई का गुलदस्ता-8
_917421
700 _aसुरती, आबिद
_917422
942 _2ddc
_cCH
_h
_mबधेका
999 _c32490
_d32490